| 000 | 00714nam a2200229 a 4500 | ||
|---|---|---|---|
| 001 | 50313 | ||
| 003 | BD-RjUL | ||
| 005 | 20211209075505.0 | ||
| 008 | 160824r19671931enk 000 0 eng d | ||
| 035 | _a(BD-RjUL) 50433 | ||
| 040 |
_aBD-RjUL _beng _cBD-RjUL _dBD-RjUL |
||
| 041 | _aeng | ||
| 082 |
_223 _a421.5 _bARH 1967 |
||
| 100 | 1 |
_aArmstrong, Lilias Eveline, _d-1937. _9150778 |
|
| 245 | 1 | 2 |
_aA handbook of English intonation / _cLilias E. Armstrong, Ida C. Ward |
| 250 | _a2nd ed. | ||
| 260 |
_aCambridge : _bHeffer ; _c1931 [Reprinted 1967] |
||
| 300 |
_a124 p. ; _c19 cm |
||
| 650 | 0 |
_aEnglish language _xIntonation _9133208 |
|
| 700 | 1 |
_aWard, Ida C. _q(Ida Caroline), _d1880-1949. _9150779 |
|
| 942 |
_2ddc _cBK |
||
| 999 |
_c50313 _d50313 |
||